|
|
|
|
| LEADER |
01087nam a22002777a 4500 |
| 001 |
40990 |
| 003 |
BD-DhAAL |
| 008 |
230315t2021 sz a|||| b||| 001 0 eng d |
| 020 |
|
|
|a 9783030469504
|
| 020 |
|
|
|a 9783030469511 (eBook)
|
| 040 |
|
|
|a BD-DhAAL
|c BD-DhAAL
|
| 082 |
|
|
|a 378
|2 23
|
| 245 |
|
|
|a Applied pedagogies for higher education :
|b real world learning and innovation across the curriculum /
|c edited by Dawn A. Morley ; Golam Jamil.
|
| 260 |
|
|
|a Switzerland :
|b Palgrave Macmillan,
|c 2021.
|
| 300 |
|
|
|a xxiii, 415 pages :
|b illustrations ;
|c 22 cm.
|
| 504 |
|
|
|a Includes bibliographical references and index.
|
| 526 |
|
|
|a CSE
|
| 541 |
|
|
|a Trim Education
|e 40990
|
| 650 |
|
|
|a Education, Higher
|x Social aspects.
|
| 650 |
|
|
|a Education.
|
| 700 |
|
|
|a Morley, Dawn A.
|9 53864
|
| 700 |
|
|
|a Jamil, Golam
|9 53865
|
| 852 |
|
|
|a Ayesha Abed Library
|c General Stacks
|
| 942 |
|
|
|2 ddc
|c BK
|
| 999 |
|
|
|c 44769
|d 44769
|
| 952 |
|
|
|0 0
|1 0
|2 ddc
|4 0
|6 378_000000000000000_APP
|7 0
|9 73361
|a BRACUL
|b BRACUL
|c GEN
|d 2023-03-12
|e Trim Education
|g 2125.00
|l 0
|o 378 APP
|p 3010040990
|r 2023-03-12
|t 1
|v 2125.00
|w 2023-03-12
|y BK
|